000 01030nam a22002057a 4500
999 _c58651
_d58651
003 Ge_BSU
005 20220622095842.0
008 220622s2021 ge ||||| |||| 00| 0 geo d
020 _a9789941340185
041 _ageo
080 _a94(479.22)''1917-2012'' შ-59
100 _aშველიძე, დიმიტრი
_914195
245 _aსაქართველოს უახლესი ისტორია :
_b1917-2012 /
_cდიმიტრი შველიძე; რედაქტორი ნიკო ჯავახიშვილი.
264 _aთბილისი :
_bმერიდიანი,
_c2021.
300 _a424 გვ;
_b20 სმ.
653 _aსაქართველოს უახლესი ისტორია
700 _aჯავახიშვილი, ნიკო
_eრედაქტორი
_93484
856 _uhttps://digitallibrary.tsu.ge/book/2022/Mar/books/shvelidze-sakartvelos-uaxlesi-istoria.pdf
_yელ. ვერსია. pdf
942 _2udc
_cBK